[Event "XIII Figueira da Foz Open 2019"]
[Site "Figueira da Foz"]
[Date "2019.10.31"]
[Round "5.14"]
[White "Tadevosyan, Aspet"]
[Black "Gama, Joao Goncalo Cerejei"]
[Result "1-0"]
[WhiteElo "1998"]
[BlackElo "1712"]
[Annotator "NA"]
[PlyCount "98"]
[EventDate "2019.10.27"]
[EventType "swiss"]
[EventCountry "POR"]
[SourceTitle "playchess.com"]
[Source "ChessBase"]
[SourceQuality "1"]
[TimeControl "40/5400+30:1800+30"]

1. c4 {[%emt 0:00:26]} e5 {[%emt 0:00:08]} 2. g3 {[%emt 0:00:21]} d6 {[%emt 0:01:02]} 3. Bg2 {[%emt 0:00:10]} Nc6 {[%emt 0:01:56]} 4. Nc3 {[%emt 0:00:30]} Be6 {[%emt 0:01:46]} 5. d3 {[%emt 0:00:15]} g6 {[%emt 0:02:20]} (5... Qd7 6. f4 g6 7. fxe5 dxe5 8. Be3 Rd8 9. Nf3 h6 10. O-O Bg7 11. Nd2 f5 12. Qa4 Nge7 13. Nb3 b6 {0-1 (47) Adly,A (2637)-Short,N (2678) Riadh 2017}) 6. Rb1 {[%emt 0:03:29] A25: English Opening vs King's Indian with ...Nc6 but without early d3} a5 {[%emt 0:00:45]} 7. a3 {[%emt 0:02:55]} Nge7 {[%emt 0:02:37]} 8. b4 $146 {[%emt 0:04:15]} ({Predecessor:} 8. Nd5 Bg7 9. e3 Qd7 10. b4 axb4 11. axb4 Bxd5 12. cxd5 Na7 13. Ne2 {1-0 (124) Lengyel,L-Gerusel,M Bad Pyrmont 1970}) 8... axb4 {[%emt 0:01:43]} 9. axb4 {[%emt 0:00:23]} d5 {[%emt 0:07:15]} 10. b5 {[%emt 0:01:24]} Na5 {[%emt 0:04:05]} 11. cxd5 {[%emt 0:10:37]} Nxd5 {[%emt 0:01:19]} 12. Nxd5 {[%emt 0:00:50]} Bxd5 {[%emt 0:00:09]} 13. e4 {[%emt 0:00:42]} (13. Bxd5 $11 Qxd5 14. Nf3) 13... Be6 {[%emt 0:01:41]} (13... Ba2 $5 {[%cal Ra2b1]} 14. Rb2 Be6 $15) 14. Nf3 {[%emt 0:00:55]} Bg7 {[%emt 0:04:55]} 15. O-O {[%emt 0:02:31]} O-O {[%emt 0:00:10]} 16. Qc2 {[%emt 0:06:58]} Qe7 {[%emt 0:04:16]} 17. Bd2 {[%emt 0:08:18]} c5 {[%emt 0:04:40]} 18. b6 {[%emt 0:12:36]} Nc6 {[%emt 0:16:52]} 19. Rfc1 {[%emt 0:01:40]} Nb4 {[%emt 0:01:44]} (19... Qd7 $11) 20. Bxb4 {[%emt 0:04:20]} cxb4 {[%emt 0:00:05]} 21. Qc7 {[%emt 0:00:19]} Qxc7 {[%emt 0:06:26]} 22. bxc7 {[%emt 0:02:56]} b3 {[%emt 0:02:24]} 23. Ng5 {[%emt 0:02:33]} Bd7 {[%emt 0:01:25]} 24. Rxb3 {[%emt 0:01:33]} Bh6 {[%emt 0:03:56]} 25. f4 {[%emt 0:00:57]} exf4 {[%emt 0:03:01]} (25... Bxg5 $16 {was worth a try.} 26. fxg5 b5) 26. gxf4 {[%emt 0:00:07]} f6 {[%emt 0:00:24]} 27. Nh3 {[%emt 0:01:10]} g5 {[%emt 0:14:48]} (27... b5 {was worth a try.} 28. e5 Rae8) 28. e5 {[%emt 0:09:32]} Bxh3 $2 {[%emt 0:04:40]} (28... gxf4 29. Bd5+ Kg7) 29. Bxh3 {[%emt 0:00:25]} g4 {[%emt 0:00:14]} 30. Bxg4 {[%emt 0:00:34]} Bxf4 {[%emt 0:00:05]} 31. c8=Q {[%emt 0:00:51]} Raxc8 {[%emt 0:01:24]} 32. Rxc8 {[%emt 0:00:09]} Rxc8 {[%emt 0:00:29]} 33. Bxc8 {[%emt 0:00:07]} Bxe5 {[%emt 0:00:03]} 34. Rxb7 {[%emt 0:00:19]} h6 {[%emt 0:01:16]} 35. Kg2 {[%emt 0:00:33]} Kf8 {[%emt 0:00:08]} 36. h3 {[%emt 0:00:26]} Ke8 {[%emt 0:00:03]} 37. Kh1 {[%emt 0:00:14]} Kd8 {[%emt 0:00:04]} 38. Be6 {[%emt 0:00:08]} Ke8 {[%emt 0:00:13]} 39. Kg1 {[%emt 0:00:12]} Kf8 {[%emt 0:00:52]} 40. Kf1 {[%emt 0:00:00]} Ke8 $18 {[%emt 0:00:00]} 41. Ke2 {[%emt 0:00:30]} Kf8 {[%emt 0:01:23]} 42. Kd1 {[%emt 0:00:05]} Ke8 {[%emt 0:00:15]} 43. Kc2 {[%emt 0:00:05]} Kf8 {[%emt 0:00:09]} 44. Kb1 {[%emt 0:00:04]} Ke8 {[%emt 0:00:14]} 45. Ka2 {[%emt 0:00:04]} Kf8 {[%emt 0:01:20]} 46. Kb3 {[%emt 0:00:09]} Ke8 {[%emt 0:00:03]} 47. Ka4 {[%emt 0:00:03]} Kf8 {[%emt 0:00:04]} 48. Kb5 {[%emt 0:00:04]} Ke8 {[%emt 0:00:06]} 49. Kc4 {[%emt 0:00:05]} Kf8 {[%emt 0:00:03]} 1-0

[Event "XIII Figueira da Foz Open 2019"]
[Site "Figueira da Foz"]
[Date "2019.10.31"]
[Round "5.15"]
[White "Correia, Pedro Mourao Soares"]
[Black "Lisowski, Krzysztof"]
[Result "0-1"]
[WhiteElo "1529"]
[BlackElo "2179"]
[Annotator "TA"]
[PlyCount "54"]
[EventDate "2019.10.27"]
[EventType "swiss"]
[EventCountry "POR"]
[SourceTitle "playchess.com"]
[Source "ChessBase"]
[SourceQuality "1"]

{[%evp 10,54,26,27,50,49,78,0,0,6,5,-12,-10,-5,14,13,13,3,5,0,12,-42,-45,-38,-39,-47,-34,-60,-10,-15,-4,-54,-8,-41,0,-40,-27,-41,-35,-48,-40,-40,-34,-500,-489,-5235,0]} 1. e4 c5 2. Nf3 Nc6 3. Bb5 g6 4. c3 Bg7 5. d4 cxd4 6. cxd4 Nf6 {B31: Sicilian: 2...Nc6 3 Bb5 g6} 7. Nc3 O-O {[#]} (7... d5 8. Ne5 O-O 9. Nxc6 bxc6 10. Bxc6 Rb8 11. e5 Ne4 12. O-O Nxc3 13. bxc3 Ba6 14. Re1 {1-0 (68) Mamedov,R (2650)-Li,C (2751) Huaian 2016}) 8. Bf4 $146 (8. d5 $1 $16) ({Predecessor:} 8. O-O d5 9. e5 Ne4 10. h3 Bf5 11. Ba4 Rc8 12. Bb3 Nxc3 13. bxc3 Na5 14. Bd2 {0-1 (29) Mamedov,R (2525)-Savchenko,B (2569) ICC INT 2006}) 8... d5 $11 {The position is equal.} 9. e5 Ne4 10. Qb3 Be6 11. O-O h6 12. Rac1 Rc8 13. Ne2 Qb6 14. Bxc6 bxc6 {[%cal Bb7c6,Bc6c5][%mdl 32]} 15. Nd2 ({White should play} 15. Qa3 $11) 15... c5 $15 16. Qxb6 axb6 17. Nxe4 dxe4 18. b3 cxd4 19. Nxd4 Bd5 20. Nb5 Rfd8 21. Rfd1 {[#] Strongly threatening Rxc8.} Be6 (21... Rxc1 {feels hotter.} 22. Rxc1 g5 23. Be3 Bxe5 24. Bxb6 Rb8) 22. h3 g5 23. Rxd8+ Rxd8 24. Be3 Bxe5 25. Bxb6 Rb8 26. Bc7 $2 {[%mdl 8192]} (26. Rc5 $15) 26... Rxb5 $19 27. Rc5 (27. Bxe5 $142 Rxe5 28. Rc3) 27... Rb7 $2 {[%mdl 32768] Accuracy: White = 30%, Black = 38%. . Loss on time!?} ({Black should try} 27... Rxc5 $19 {[%cal Rc5c1]} 28. Bxe5 Rxe5) 0-1

[Event "XIII Figueira da Foz Open 2019"]
[Site "Figueira da Foz"]
[Date "2019.10.31"]
[Round "5.16"]
[White "Heeren, Arnoldo"]
[Black "Marcal, Armando Paulo Gomes"]
[Result "1-0"]
[WhiteElo "1929"]
[BlackElo "1706"]
[Annotator "NA RC"]
[PlyCount "64"]
[EventDate "2019.10.27"]
[EventType "swiss"]
[EventCountry "POR"]
[SourceTitle "playchess.com"]
[Source "ChessBase"]
[SourceQuality "1"]
[TimeControl "40/5400+30:1800+30"]

1. Nf3 {[%emt 0:01:08]} Nf6 {[%emt 0:00:14]} 2. g3 {[%emt 0:00:14]} g6 {[%emt 0:00:34]} (2... d5 3. Bg2 g6 4. d4 Bg7 5. O-O O-O 6. c3 c6 7. Nbd2 Nbd7 8. Re1 Re8 9. e4 Nxe4 10. Nxe4 dxe4 11. Rxe4 Nf6 12. Re1 {½-½ (12) Sivuk,V (2551)-Vovk,Y (2565) Lvov 2018}) 3. Bg2 Bg7 {[%emt 0:00:23]} 4. d4 {[%emt 0:00:49]} c6 {[%emt 0:01:01]} 5. O-O {[%emt 0:01:14]} d5 {[%emt 0:02:28]} 6. Nc3 {[%emt 0:01:31]} O-O {[%emt 0:02:50]} 7. Re1 {[%emt 0:01:38]} Nbd7 {[%emt 0:03:20] D02: 1 d4 d5 2 Nf3 sidelines, including 2...Nf6 3 g3 and 2...Nf6 3 Bf4} 8. e4 {[%emt 0:00:08]} dxe4 {[%emt 0:02:05]} 9. Nxe4 Nxe4 {[%emt 0:00:45]} 10. Rxe4 {[%emt 0:00:38]} Nf6 {[%emt 0:01:08]} 11. Re1 Bg4 12. c3 {[%emt 0:03:23]} Re8 {[%emt 0:00:57]} 13. h3 {[%emt 0:01:21]} Be6 {[%emt 0:00:30]} 14. g4 $146 {[%emt 0:09:56]} ({Predecessor:} 14. Rxe6 fxe6 15. Qe2 Qd7 16. Bg5 Nd5 {1-0 (64) Gurvich,V (2326)-Smirnov,T (2296) Odintsovo 2017}) 14... Bd5 {[%emt 0:02:46]} 15. Bf4 {[%emt 0:02:30]} Nd7 {[%emt 0:06:48]} 16. Qc2 {[%emt 0:11:46]} b5 {[%emt 0:02:48]} 17. a4 {[%emt 0:03:31]} bxa4 {[%emt 0:05:48]} 18. Qxa4 {[%emt 0:02:14]} Nb6 {[%emt 0:00:57]} 19. Qc2 {[%emt 0:02:32]} f6 {[%emt 0:02:06]} (19... a5 $14) 20. b3 {[%emt 0:03:07]} Qd7 {[%emt 0:02:28]} (20... e5 $14 21. dxe5 fxe5) 21. Rad1 {[%emt 0:01:24]} (21. c4 $16) 21... Qb7 {[%emt 0:05:11]} 22. c4 {[%emt 0:02:07]} Bf7 {[%emt 0:00:20]} 23. Re2 {[%emt 0:06:56]} a5 {[%emt 0:09:41]} 24. Bg3 {[%emt 0:06:09]} a4 {[%emt 0:02:54]} 25. Nd2 {[%emt 0:01:39]} e5 {[%emt 0:04:44]} 26. d5 {[%emt 0:03:38]} cxd5 {[%emt 0:02:14]} 27. bxa4 {[%emt 0:01:26]} Qc7 {[%emt 0:03:12]} 28. c5 {[%emt 0:02:30]} Rxa4 {[%emt 0:01:57]} 29. Nb3 {[%emt 0:03:42]} Rc4 {[%emt 0:07:10]} 30. Qd3 {[%emt 0:00:52]} d4 {[%emt 0:02:28]} (30... Na4 $11 31. Bxd5 Bxd5 32. Qxd5+ Qf7) 31. cxb6 {[%emt 0:02:09]} Qxb6 {[%emt 0:00:40]} 32. Nd2 {[%emt 0:00:50]} Rec8 $18 {[%emt 0:01:11]} (32... Rc3 $14 33. Qb1 Qd8) 1-0

[Event "XIII Figueira da Foz Open 2019"]
[Site "Figueira da Foz"]
[Date "2019.10.31"]
[Round "5.17"]
[White "Morais, Mario Martins Freita"]
[Black "Babo, Miguel"]
[Result "1-0"]
[WhiteElo "1742"]
[BlackElo "1827"]
[Annotator "NA"]
[PlyCount "89"]
[EventDate "2019.10.27"]
[EventType "swiss"]
[EventCountry "POR"]
[SourceTitle "playchess.com"]
[Source "ChessBase"]
[SourceQuality "1"]
[TimeControl "40/5400+30:1800+30"]

1. d4 {[%emt 0:01:01]} Nf6 {[%emt 0:00:19]} 2. Bf4 {[%emt 0:00:28]} e6 {[%emt 0:01:05]} 3. Nc3 {[%emt 0:00:48]} d5 {[%emt 0:01:14]} 4. Nb5 {[%emt 0:01:01]} Bd6 {[%emt 0:02:02]} (4... Na6 5. e3 Be7 6. Nf3 O-O 7. Bd3 c6 8. Nc3 Nb4 9. h3 Nxd3+ 10. cxd3 b6 11. O-O Bb7 {0-1 (40) Rapport,R (2731)-Giri,A (2783) Wijk aan Zee 2019}) 5. Nxd6+ {[%emt 0:03:01]} cxd6 {[%emt 0:00:03]} 6. c3 {[%emt 0:00:24] D00: 1 d4 d5: Unusual lines} O-O {[%emt 0:02:02]} 7. e3 {[%emt 0:00:06]} Re8 {[%emt 0:00:53]} 8. Nf3 {[%emt 0:01:27]} Nc6 {[%emt 0:01:28]} 9. Be2 {[%emt 0:00:05]} Ne4 $146 {[%emt 0:08:31]} ({Predecessor:} 9... h6 10. Bg3 Ne4 11. Nd2 Nxg3 12. hxg3 {½-½ (29) Jarecki,M (2165)-Geryk,M (2165) ICCF email 2016}) 10. O-O {[%emt 0:00:38]} e5 {[%emt 0:07:48]} 11. Bg3 {[%emt 0:00:51]} Nxg3 {[%emt 0:00:30]} 12. hxg3 {[%emt 0:00:02]} Bg4 {[%emt 0:07:38]} 13. dxe5 {[%emt 0:05:11]} dxe5 {[%emt 0:00:59]} 14. Qa4 {[%emt 0:03:47]} Bxf3 {[%emt 0:12:07]} ({Black should play} 14... e4 15. Bd1 Qf6) 15. gxf3 {[%emt 0:00:52]} e4 {[%emt 0:01:40]} 16. Rad1 {[%emt 0:04:49]} Qf6 {[%emt 0:06:41]} 17. Kg2 {[%emt 0:17:25]} Rad8 {[%emt 0:02:34]} 18. Rh1 {[%emt 0:06:47]} g6 {[%emt 0:09:28]} 19. f4 {[%emt 0:25:11]} Kg7 {[%emt 0:02:04]} 20. g4 {[%emt 0:00:45]} h6 {[%emt 0:02:19] [#]} 21. Rxh6 $1 {[%emt 0:01:01]} Rh8 {[%emt 0:01:28]} 22. g5 {[%emt 0:03:26]} Qe7 {[%emt 0:03:51]} 23. Rdh1 {[%emt 0:00:25]} Rxh6 {[%emt 0:01:12]} 24. Rxh6 {[%emt 0:00:13]} a6 {[%emt 0:02:02]} 25. Qd1 {[%emt 0:01:15]} Rh8 {[%emt 0:02:57]} 26. Rxh8 {[%emt 0:00:10]} Kxh8 {[%emt 0:00:11]} 27. Qxd5 {[%emt 0:00:07]} Kg7 {[%emt 0:02:58]} 28. Bxa6 {[%emt 0:00:15]} Qc7 {[%emt 0:11:46]} 29. Bb5 {[%emt 0:02:11]} Qc8 {[%emt 0:03:10]} 30. Kg3 {[%emt 0:02:53]} Ne7 {[%emt 0:00:25]} 31. Qd4+ {[%emt 0:06:50]} Kg8 $18 {[%emt 0:00:15]} 32. Bd7 {[%emt 0:00:41]} Qa8 {[%emt 0:02:47]} 33. Qxe4 {[%emt 0:01:19]} Kf8 {[%emt 0:01:11]} 34. a4 {[%emt 0:00:18]} Qb8 {[%emt 0:00:15]} 35. a5 {[%emt 0:01:38]} Qc7 {[%emt 0:00:03]} 36. Bh3 {[%emt 0:01:20]} Nc6 {[%emt 0:00:14]} 37. b4 {[%emt 0:00:40]} Ne7 {[%emt 0:00:21]} 38. Qd4 {[%emt 0:00:22]} Nc6 {[%emt 0:00:45]} 39. Qc5+ {[%emt 0:00:07]} Kg8 {[%emt 0:00:48]} 40. Bg2 {[%emt 0:00:00]} Qd7 {[%emt 0:00:00]} 41. Bxc6 {[%emt 0:01:49]} bxc6 {[%emt 0:00:40]} 42. Qd4 {[%emt 0:00:38]} Qb7 {[%emt 0:00:58]} 43. Qd8+ {[%emt 0:01:08]} Kg7 {[%emt 0:00:16]} 44. Qb6 {[%emt 0:00:13]} Qd7 {[%emt 0:00:11]} 45. Qd4+ {[%emt 0:00:06]} 1-0

[Event "XIII Figueira da Foz Open 2019"]
[Site "Figueira da Foz"]
[Date "2019.10.31"]
[Round "5.19"]
[White "Dong, Fabio"]
[Black "Barros Gutierrez, Angel Luis"]
[Result "1-0"]
[WhiteElo "1410"]
[BlackElo "2038"]
[Annotator "NA"]
[PlyCount "124"]
[EventDate "2019.10.27"]
[EventType "swiss"]
[EventCountry "POR"]
[SourceTitle "playchess.com"]
[Source "ChessBase"]
[SourceQuality "1"]
[TimeControl "40/5400+30:1800+30"]

1. Nf3 Nf6 2. g3 g6 {[%emt 0:01:16]} 3. d4 {[%emt 0:00:04]} Bg7 {[%emt 0:00:30]} 4. Bg2 {[%emt 0:00:30]} d5 {[%emt 0:00:30]} 5. O-O {[%emt 0:00:30]} Nbd7 {[%emt 0:00:29]} (5... O-O 6. c4 c6 7. cxd5 cxd5 8. Ne5 Nc6 9. Nc3 e6 10. Nxc6 bxc6 11. Na4 Nd7 12. Bf4 Qa5 13. Rc1 Ba6 14. b3 Bb5 15. Re1 Bxa4 16. bxa4 Rfc8 17. e4 Qb4 18. Be3 Nb6 19. e5 Qxa4 20. Qb3 Qa6 {1-0 (53) Ding,L (2811)-Shankland,S (2705) chess.com INT 2019}) 6. c4 {[%emt 0:01:20] D02: 1 d4 d5 2 Nf3 sidelines, including 2...Nf6 3 g3 and 2...Nf6 3 Bf4} dxc4 {[%emt 0:00:32]} 7. Qc2 {[%emt 0:02:16]} Nb6 {[%emt 0:00:30]} 8. Nbd2 O-O {[%emt 0:01:54]} 9. Nxc4 {[%emt 0:02:50]} Bf5 {[%emt 0:02:17]} 10. Qc3 {[%emt 0:02:32]} Ne4 {[%emt 0:02:35]} 11. Qb3 $146 {[%emt 0:04:25]} ({Predecessor:} 11. Qb4 Bxd4 12. Nxb6 c5 13. Qb3 Qxb6 14. Qxb6 axb6 15. Nxd4 cxd4 {1-0 (32) Bail,E (1676)-Leao,A (1868) Florianopolis 2017}) 11... Be6 {[%emt 0:05:38]} 12. Qd3 {[%emt 0:03:25]} Nxc4 {[%emt 0:02:12]} 13. Qxe4 {[%emt 0:02:07]} c6 {[%emt 0:01:32]} 14. Qd3 {[%emt 0:04:45]} Qb6 {[%emt 0:00:42]} 15. b3 {[%emt 0:11:32]} Nd6 {[%emt 0:00:49]} 16. Bb2 {[%emt 0:00:30]} Bf5 {[%emt 0:00:51]} 17. Qd1 {[%emt 0:11:07]} Rad8 {[%emt 0:01:02]} 18. e3 {[%emt 0:01:30]} e5 {[%emt 0:00:29]} 19. Nxe5 {[%emt 0:01:19]} Bxe5 {[%emt 0:00:30]} 20. dxe5 {[%emt 0:00:55]} Nc4 {[%emt 0:00:32]} 21. Qc1 {[%emt 0:01:15]} Rd2 {[%emt 0:04:14]} 22. Bd4 {[%emt 0:04:08]} c5 {[%emt 0:00:38]} 23. Bxc5 $2 {[%emt 0:00:30]} ({Not} 23. Qxc4 cxd4 24. exd4 Rxd4 $14) (23. bxc4 $18 Rc2 24. Qd1 cxd4 25. e4 (25. exd4 Rxc4 26. d5 Rfc8 $16) (25. Qxd4 Qxd4 26. exd4 Rxc4 $16) 25... Bxe4 26. Bxe4 Rxc4 27. Rb1) 23... Qxc5 {[%emt 0:00:30]} 24. Qxc4 {[%emt 0:00:30]} Qxc4 {[%emt 0:01:46]} 25. bxc4 {[%emt 0:01:30]} Be6 {[%emt 0:02:11]} 26. c5 {[%emt 0:04:46]} a5 $2 {[%emt 0:05:16]} (26... Rc8 $16) 27. Bxb7 {[%emt 0:02:54]} f6 {[%emt 0:00:20]} 28. exf6 {[%emt 0:01:41]} Rxf6 {[%emt 0:02:45]} 29. a4 {[%emt 0:03:59]} Bd5 {[%emt 0:00:09]} 30. Bxd5+ {[%emt 0:02:35]} Rxd5 {[%emt 0:00:18]} 31. Rac1 {[%emt 0:00:39]} Rc6 {[%emt 0:00:30]} 32. Rc3 {[%emt 0:00:36]} Rdxc5 {[%emt 0:00:24]} 33. Rxc5 {[%emt 0:00:30]} Rxc5 {[%emt 0:00:30]} 34. Rd1 {[%emt 0:00:30]} Rc4 {[%emt 0:03:16]} 35. Rd4 Rb4 {[%emt 0:00:36]} 36. Kg2 {[%emt 0:01:08]} Kf7 {[%emt 0:00:50]} 37. Rxb4 {[%emt 0:03:49]} axb4 {[%emt 0:00:30]} 38. a5 {[%emt 0:00:30]} b3 {[%emt 0:00:30]} 39. a6 {[%emt 0:00:30]} b2 {[%emt 0:00:30]} 40. a7 {[%emt 0:00:30]} b1=Q {[%emt 0:00:30]} 41. a8=Q {[%emt 0:30:30]} h5 {[%emt 0:30:30]} 42. Qa7+ {[%emt 0:00:30]} Ke6 {[%emt 0:00:30]} 43. Qa6+ {[%emt 0:00:30]} Ke7 {[%emt 0:00:30]} 44. Qe2 {[%emt 0:00:30]} Qb6 {[%emt 0:00:30]} 45. e4 {[%emt 0:00:30]} Qd4 {[%emt 0:00:30]} 46. Qe3 {[%emt 0:00:30]} Qd6 {[%emt 0:00:30]} 47. Qg5+ $18 {[%emt 0:00:30]} Ke8 {[%emt 0:00:00]} 48. Qd5 {[%emt 0:00:00]} Qb6 {[%emt 0:00:00]} 49. Qe5+ {[%emt 0:00:00]} Kf7 {[%emt 0:00:00]} 50. Qd5+ {[%emt 0:00:00]} Ke7 {[%emt 0:00:00]} 51. e5 g5 52. e6 {[%emt 0:00:00]} g4 {[%emt 0:00:00]} 53. Qd7+ {[%emt 0:00:00]} Kf6 {[%emt 0:00:00]} 54. Qf7+ Kg5 55. h4+ {[%emt 0:00:00]} gxh3+ {[%emt 0:00:00]} 56. Kxh3 {[%emt 0:00:00]} Kh6 {[%emt 0:00:06]} 57. e7 {[%emt 0:00:00]} Qc6 {[%emt 0:02:53]} 58. Kh2 {[%emt 0:00:00]} h4 {[%emt 0:01:01]} 59. e8=Q {[%emt 0:00:00]} hxg3+ {[%emt 0:00:30]} 60. Kxg3 {[%emt 0:00:00]} Qd6+ {[%emt 0:06:51]} 61. Qf4+ {[%emt 0:00:00]} Kh7 {[%emt 0:00:30]} 62. Qef7+ {[%emt 0:00:00]} Kh8 {[%emt 0:00:30]} 1-0

[Event "XIII Figueira da Foz Open 2019"]
[Site "Figueira da Foz"]
[Date "2019.11.01"]
[Round "6.1"]
[White "Jakubowski, Krzysztof"]
[Black "Klekowski, Maciej"]
[Result "1/2-1/2"]
[WhiteElo "2494"]
[BlackElo "2481"]
[Annotator "ChessBase"]
[PlyCount "67"]
[EventDate "2019.10.27"]
[EventType "swiss"]
[EventCountry "POR"]
[SourceTitle "playchess.com"]
[Source "ChessBase"]
[SourceQuality "1"]
[TimeControl "40/5400+30:1800+30"]

1. d4 {[%emt 0:00:25]} Nf6 {[%emt 0:00:00]} 2. Nf3 {[%emt 0:00:16]} e6 {[%emt 0:00:08]} 3. g3 b6 {[%emt 0:00:04]} 4. Bg2 {[%emt 0:01:00]} Bb7 {[%emt 0:00:19]} 5. c4 {[%emt 0:00:00]} Be7 {[%emt 0:00:05]} 6. O-O {[%emt 0:00:00]} O-O {[%emt 0:00:24]} 7. Nc3 {[%emt 0:00:21]} Ne4 {[%emt 0:10:05]} 8. Bd2 {[%emt 0:00:44]} d5 {[%emt 0:01:01]} 9. cxd5 {[%emt 0:00:16]} exd5 {[%emt 0:07:52]} 10. Qa4 {[%emt 0:00:20]} Nd7 {[%emt 0:12:47]} 11. Rfd1 {[%emt 0:00:23]} Nxc3 {[%emt 0:01:21]} 12. Bxc3 {[%emt 0:14:42]} Bd6 {[%emt 0:00:25]} 13. Ne5 {[%emt 0:09:26]} Nf6 {[%emt 0:00:54]} 14. Nc4 Re8 {[%emt 0:00:04]} 15. Nxd6 {[%emt 0:03:00]} Qxd6 {[%emt 0:00:21]} 16. e3 {[%emt 0:02:40]} a5 {[%emt 0:11:29]} 17. Rdc1 {[%emt 0:10:38]} Bc8 {[%emt 0:04:08]} 18. Be1 {[%emt 0:03:17]} Bd7 {[%emt 0:03:34]} 19. Qb3 {[%emt 0:02:21]} Re7 {[%emt 0:12:00]} 20. a4 h5 21. Qa3 {[%emt 0:01:06]} Qxa3 {[%emt 0:00:35]} 22. Rxa3 {[%emt 0:00:07]} Ra7 {[%emt 0:00:01]} 23. h3 {[%emt 0:10:39]} g5 {[%emt 0:03:50]} 24. b4 {[%emt 0:03:03]} axb4 {[%emt 0:00:30]} 25. Bxb4 {[%emt 0:00:07]} Re8 {[%emt 0:00:53]} 26. a5 {[%emt 0:00:47]} bxa5 {[%emt 0:00:42]} 27. Rxa5 {[%emt 0:10:08]} Rb7 {[%emt 0:03:39]} 28. Ra6 {[%emt 0:03:34]} Kg7 {[%emt 0:01:33]} 29. Bc5 Ne4 {[%emt 0:00:41]} 30. Ra5 {[%emt 0:06:18]} g4 {[%emt 0:03:09]} 31. h4 {[%emt 0:01:38]} Bb5 {[%emt 0:02:23]} 32. Bxe4 dxe4 {[%emt 0:00:07]} 33. Rb1 {[%emt 0:02:33]} Reb8 {[%emt 0:00:47]} 34. Ra7 1/2-1/2

[Event "XIII Figueira da Foz Open 2019"]
[Site "Figueira da Foz"]
[Date "2019.11.01"]
[Round "6.2"]
[White "Stella, Andrea"]
[Black "Maiorov, Nikita"]
[Result "1/2-1/2"]
[WhiteElo "2484"]
[BlackElo "2517"]
[Annotator "ChessBase"]
[PlyCount "65"]
[EventDate "2019.10.27"]
[EventType "swiss"]
[EventCountry "POR"]
[SourceTitle "playchess.com"]
[Source "ChessBase"]
[SourceQuality "1"]
[TimeControl "40/5400+30:1800+30"]

1. d4 {[%emt 0:00:23]} Nf6 {[%emt 0:05:23]} 2. c4 {[%emt 0:00:24]} e6 {[%emt 0:00:03]} 3. Nc3 {[%emt 0:00:16]} Bb4 {[%emt 0:00:05]} 4. Qc2 {[%emt 0:00:07]} Nc6 {[%emt 0:03:23]} 5. Nf3 {[%emt 0:00:25]} d6 {[%emt 0:00:04]} 6. Bd2 {[%emt 0:00:36]} O-O {[%emt 0:00:18]} 7. a3 {[%emt 0:00:11]} Bxc3 {[%emt 0:00:05]} 8. Bxc3 {[%emt 0:00:05]} Re8 {[%emt 0:00:25]} 9. e3 {[%emt 0:00:38]} a5 {[%emt 0:00:32]} 10. b3 {[%emt 0:01:38]} e5 {[%emt 0:03:13]} 11. dxe5 {[%emt 0:00:18]} dxe5 {[%emt 0:00:10]} 12. h3 {[%emt 0:00:35]} b6 {[%emt 0:18:22]} 13. Be2 {[%emt 0:00:51]} Qe7 {[%emt 0:02:40]} 14. O-O {[%emt 0:00:50]} g6 {[%emt 0:01:21]} 15. b4 {[%emt 0:05:47]} Bf5 {[%emt 0:03:13]} 16. Qb2 {[%emt 0:02:17]} Ne4 {[%emt 0:00:20]} 17. b5 {[%emt 0:00:21]} Nxc3 {[%emt 0:00:12]} 18. Qxc3 {[%emt 0:00:22]} Nd8 {[%emt 0:09:41]} 19. c5 {[%emt 0:11:03]} Nb7 {[%emt 0:01:58]} 20. c6 {[%emt 0:01:49]} Nc5 {[%emt 0:00:34]} 21. Rfd1 {[%emt 0:01:17]} Be4 {[%emt 0:06:37]} 22. Nd2 {[%emt 0:02:34]} Rad8 {[%emt 0:00:41]} 23. Nb3 {[%emt 0:10:12]} Nxb3 {[%emt 0:07:31]} 24. Qxb3 {[%emt 0:00:03]} Bf5 {[%emt 0:01:06]} 25. Bg4 {[%emt 0:03:44]} Bxg4 {[%emt 0:01:48]} 26. hxg4 {[%emt 0:00:04]} Kg7 {[%emt 0:00:20]} 27. a4 {[%emt 0:03:02]} h6 {[%emt 0:05:43]} 28. Rac1 {[%emt 0:06:27]} Rh8 {[%emt 0:00:54]} 29. f3 {[%emt 0:08:07]} Rhe8 {[%emt 0:01:18]} 30. Kf1 {[%emt 0:15:07]} Rxd1+ {[%emt 0:07:11]} 31. Rxd1 {[%emt 0:01:11]} Rd8 {[%emt 0:00:08]} 32. Ke2 {[%emt 0:10:00]} Rxd1 {[%emt 0:01:25]} 33. Qxd1 {[%emt 0:00:16]} 1/2-1/2

[Event "XIII Figueira da Foz Open 2019"]
[Site "Figueira da Foz"]
[Date "2019.11.01"]
[Round "6.3"]
[White "Martin Duque, Jesus"]
[Black "Clarke, Brandon G I"]
[Result "0-1"]
[WhiteElo "2445"]
[BlackElo "2445"]
[Annotator "NA"]
[PlyCount "70"]
[EventDate "2019.10.27"]
[EventType "swiss"]
[EventCountry "POR"]
[SourceTitle "playchess.com"]
[Source "ChessBase"]
[SourceQuality "1"]
[TimeControl "40/5400+30:1800+30"]

1. e4 {[%emt 0:00:00]} e6 {[%emt 0:06:49]} 2. d4 {[%emt 0:00:00]} d5 {[%emt 0:00:11]} 3. Nc3 {[%emt 0:00:58]} Nf6 {[%emt 0:00:33]} 4. e5 {[%emt 0:00:54]} Nfd7 {[%emt 0:00:07]} 5. Qg4 {[%emt 0:01:22]} c5 $1 {[%emt 0:01:06]} 6. dxc5 {[%emt 0:00:19]} Nxe5 {[%emt 0:04:14]} 7. Qg3 {[%emt 0:02:37]} Nbc6 {[%emt 0:00:15]} 8. Bf4 {[%emt 0:05:08]} Ng6 {[%emt 0:02:50]} 9. Bc7 {[%emt 0:19:17]} Qd7 {[%emt 0:09:53]} 10. Bd6 {[%emt 0:17:43]} Bxd6 {[%emt 0:00:03]} 11. cxd6 {[%emt 0:00:04]} O-O {[%emt 0:01:00]} 12. O-O-O {[%emt 0:00:05]} Rd8 {[%emt 0:01:02]} 13. Nb5 $19 {[%emt 0:00:15]} (13. h4 $17) 13... a6 {[%emt 0:02:14]} 14. Nc7 {[%emt 0:01:29]} Rb8 {[%emt 0:04:17]} 15. c4 {[%emt 0:00:11]} d4 {[%emt 0:07:25]} 16. c5 {[%emt 0:04:00]} b6 {[%emt 0:00:49]} 17. h4 {[%emt 0:04:01]} bxc5 {[%emt 0:02:51]} 18. h5 {[%emt 0:00:03]} Nf8 {[%emt 0:01:30]} 19. h6 {[%emt 0:01:01]} g6 {[%emt 0:00:07]} 20. Nf3 {[%emt 0:02:45]} f6 {[%emt 0:09:34]} 21. Bc4 {[%emt 0:05:52]} Na5 {[%emt 0:02:48]} 22. Bd3 {[%emt 0:01:52]} Bb7 {[%emt 0:20:17]} 23. Qh4 {[%emt 0:10:11]} Bxf3 {[%emt 0:04:18]} 24. gxf3 {[%emt 0:00:11]} Qxd6 {[%emt 0:01:39]} 25. Nxa6 {[%emt 0:00:36]} Rb7 {[%emt 0:00:56]} 26. Qxf6 {[%emt 0:00:05]} c4 {[%emt 0:02:04]} 27. Be4 {[%emt 0:00:11]} Rf7 {[%emt 0:05:02]} 28. Qg5 {[%emt 0:00:01]} e5 {[%emt 0:01:07]} 29. Rhg1 {[%emt 0:05:36]} Rdd7 {[%emt 0:04:19]} 30. Kb1 {[%emt 0:05:15]} Ra7 {[%emt 0:01:20]} 31. Nb4 {[%emt 0:02:51]} Qxb4 {[%emt 0:00:23]} 32. Bd5 {[%emt 0:00:32]} c3 {[%emt 0:00:09]} 33. b3 {[%emt 0:00:58]} Nxb3 {[%emt 0:01:59]} 34. Bxb3 {[%emt 0:00:20]} Rxa2 {[%emt 0:00:10]} 35. Kxa2 {[%emt 0:00:45]} Ne6 {[%emt 0:00:01]} 0-1